<?xml version="1.0" encoding="UTF-8"?>
<collection xmlns="http://www.loc.gov/MARC21/slim">
<record>
  <controlfield tag="001">163264</controlfield>
  <controlfield tag="005">20251024172258.0</controlfield>
  <datafield tag="024" ind1="7" ind2=" ">
    <subfield code="2">doi</subfield>
    <subfield code="a">10.3390/ani15192821</subfield>
  </datafield>
  <datafield tag="024" ind1="8" ind2=" ">
    <subfield code="2">sideral</subfield>
    <subfield code="a">145783</subfield>
  </datafield>
  <datafield tag="037" ind1=" " ind2=" ">
    <subfield code="a">ART-2025-145783</subfield>
  </datafield>
  <datafield tag="041" ind1=" " ind2=" ">
    <subfield code="a">eng</subfield>
  </datafield>
  <datafield tag="100" ind1=" " ind2=" ">
    <subfield code="a">Cantin, Julia</subfield>
    <subfield code="u">Universidad de Zaragoza</subfield>
  </datafield>
  <datafield tag="245" ind1=" " ind2=" ">
    <subfield code="a">Optimizing Sow and Litter Performance via a Comprehensive Service-to-Weaning Feeding Regimen</subfield>
  </datafield>
  <datafield tag="260" ind1=" " ind2=" ">
    <subfield code="c">2025</subfield>
  </datafield>
  <datafield tag="520" ind1="3" ind2=" ">
    <subfield code="a">Hyperprolific genetic lines achieve large litters but are at increased risk of metabolic stress, impaired sow condition, and reduced piglet viability. This study aimed to evaluate whether a phase-specific feeding program from service to weaning improves sow metabolic status and body condition, and enhances offspring performance, compared with a standard program. Sixty gilts and 268 multiparous sows were randomly allocated to a control group (standard commercial diets; C) or a treatment group (phase-specific diet; T) covering early and late gestation, peripartum, and lactation. Compared to a commercial feeding strategy, four custom-made, phase-specific diets were fed as follows: for early gestation (greater amount of essential aa and fat content), late gestation (higher amount of CP and essential aa), peripartum (improved nutrient profile at lower fat and fiber content), and lactation (higher essential aa and calorie content). On gestation day 113, T gilts had greater backfat thickness (BFT) and lower blood β-hydroxybutyrate (BHBA) than C. T multiparous sows showed greater BFT and longissimus muscle depth (LMD) and lower BHBA on day 113, fewer stillborn piglets, lower incidences of neonatal diarrhea, and fewer negative lactation curves and postpartum hypophagia. On day 28 of lactation, T litters had heavier piglets, and LMD remained higher in T sows. The phase-specific feeding program improved the metabolic state, body condition, and reproductive outcomes in hyperprolific sows and enhanced offspring growth through weaning.</subfield>
  </datafield>
  <datafield tag="506" ind1="0" ind2=" ">
    <subfield code="a">Access copy available to the general public</subfield>
    <subfield code="f">Unrestricted</subfield>
  </datafield>
  <datafield tag="540" ind1=" " ind2=" ">
    <subfield code="9">info:eu-repo/semantics/openAccess</subfield>
    <subfield code="a">by</subfield>
    <subfield code="u">https://creativecommons.org/licenses/by/4.0/deed.es</subfield>
  </datafield>
  <datafield tag="655" ind1=" " ind2="4">
    <subfield code="a">info:eu-repo/semantics/article</subfield>
    <subfield code="v">info:eu-repo/semantics/publishedVersion</subfield>
  </datafield>
  <datafield tag="700" ind1=" " ind2=" ">
    <subfield code="a">Cantin, Carlos</subfield>
  </datafield>
  <datafield tag="700" ind1=" " ind2=" ">
    <subfield code="a">Mitjana, Olga</subfield>
    <subfield code="u">Universidad de Zaragoza</subfield>
    <subfield code="0">(orcid)0000-0001-9907-2941</subfield>
  </datafield>
  <datafield tag="700" ind1=" " ind2=" ">
    <subfield code="a">Tejedor, Maria Teresa</subfield>
    <subfield code="u">Universidad de Zaragoza</subfield>
    <subfield code="0">(orcid)0000-0001-5026-5144</subfield>
  </datafield>
  <datafield tag="700" ind1=" " ind2=" ">
    <subfield code="a">Gil-Rubio, Carlos</subfield>
  </datafield>
  <datafield tag="700" ind1=" " ind2=" ">
    <subfield code="a">Garrido, Ana Maria</subfield>
    <subfield code="u">Universidad de Zaragoza</subfield>
  </datafield>
  <datafield tag="700" ind1=" " ind2=" ">
    <subfield code="a">Falceto, Maria Victoria</subfield>
    <subfield code="u">Universidad de Zaragoza</subfield>
    <subfield code="0">(orcid)0000-0001-6964-7011</subfield>
  </datafield>
  <datafield tag="710" ind1="2" ind2=" ">
    <subfield code="1">1001</subfield>
    <subfield code="2">420</subfield>
    <subfield code="a">Universidad de Zaragoza</subfield>
    <subfield code="b">Dpto. Anatom.,Embri.Genét.Ani.</subfield>
    <subfield code="c">Área Genética</subfield>
  </datafield>
  <datafield tag="710" ind1="2" ind2=" ">
    <subfield code="1">1009</subfield>
    <subfield code="2">617</subfield>
    <subfield code="a">Universidad de Zaragoza</subfield>
    <subfield code="b">Dpto. Patología Animal</subfield>
    <subfield code="c">Área Medicina y Cirugía Animal</subfield>
  </datafield>
  <datafield tag="773" ind1=" " ind2=" ">
    <subfield code="g">15, 19 (2025), 2821 [18 pp.]</subfield>
    <subfield code="p">Animals (Basel)</subfield>
    <subfield code="t">Animals</subfield>
    <subfield code="x">2076-2615</subfield>
  </datafield>
  <datafield tag="856" ind1="4" ind2=" ">
    <subfield code="s">2065802</subfield>
    <subfield code="u">http://zaguan.unizar.es/record/163264/files/texto_completo.pdf</subfield>
    <subfield code="y">Versión publicada</subfield>
  </datafield>
  <datafield tag="856" ind1="4" ind2=" ">
    <subfield code="s">2653551</subfield>
    <subfield code="u">http://zaguan.unizar.es/record/163264/files/texto_completo.jpg?subformat=icon</subfield>
    <subfield code="x">icon</subfield>
    <subfield code="y">Versión publicada</subfield>
  </datafield>
  <datafield tag="909" ind1="C" ind2="O">
    <subfield code="o">oai:zaguan.unizar.es:163264</subfield>
    <subfield code="p">articulos</subfield>
    <subfield code="p">driver</subfield>
  </datafield>
  <datafield tag="951" ind1=" " ind2=" ">
    <subfield code="a">2025-10-24-16:56:02</subfield>
  </datafield>
  <datafield tag="980" ind1=" " ind2=" ">
    <subfield code="a">ARTICLE</subfield>
  </datafield>
</record>
</collection>